Indigenous Languages of Mexico Map Quiz - Statistics

General Stats
  • This quiz has been taken 466 times
  • The average score is 4 of 20
Answers on the Map
Answers color-coded by a green-red scale on the quiz's map according to % correct below.
 
Answer Stats
Country % Correct
Nahuatl
99%
Zapotec
43%
Mixtec
41%
Yucatec Maya
28%
Otomí
25%
Purépecha
23%
Huastec
20%
Tzotzil Maya
18%
Tzeltal Maya
16%
Tarahumara
15%
Totonac
15%
Ch'ol
13%
Mixe
13%
Zoque
13%
Chontal de Tabasco
10%
Chinantec
9%
Mazatec
9%
Mazahua
8%
Tlapanec
8%
Tojolab'al
5%
No matching quizzes found
Score Distribution
Percent of People with Each Score
Percentile by Number Answered
Your Score History
You have not taken this quiz